| 000 | 00000nam##2200000za#4500 |
| 001 | 9.639424 |
| 003 | CaOODSP |
| 005 | 20210624222148 |
| 007 | cr ||||||||||| |
| 008 | 150407|2005||||xxc|||||o f|0| 0 fre|d |
| 040 | |aCaOODSP|bfre |
| 043 | |an-cn--- |
| 086 | 1 |aCC172-27/2005F-PDF |
| 110 | 2 |aCommission canadienne de sûreté nucléaire. |
| 245 | 10|aRéponses aux questions découlant de l'examen par les pairs du troisième rapport national du Canada pour la Convention sur la sûreté nucléaire : |h[ressource électronique]|btroisième réunion d’examen, avril 2005 |
| 260 | |aOttawa - Ontario : |bCommission canadienne de sûreté nucléaire |cAvril 2005. |
| 300 | |a98p.|borganigramme, tableaux |
| 500 | |aLe n° de catalogue (CC172-27/2005F) et l'ISBN (0-662-79609-8) de l'édition imprimée ont été incorrectement copiés dans l'édition électronique. |
| 590 | |a11-28-Supp|b2011-11-17 |
| 691 | 07|aÉnergie nucléaire|2gcpds |
| 691 | 07|aSécurité|2gcpds |
| 775 | 08|tResponses to questions raised from peer review of Canada's third national report for the Convention on Nuclear Safety : |w(CaOODSP)9.695278 |
| 856 | 40|ahttp://publications.gc.ca|qPDF|s621 Ko|uhttps://publications.gc.ca/collections/collection_2011/ccsn-cnsc/CC172-27-2005-fra.pdf |
| 986 | |aNuméro de catalogue de la CCSN INFO-0750-1 |